000
00318nam a22001337a 4500
008
180919b xxu||||| |||| 00| 0 eng d
020
_a
9780781741804
041
_a
eng
080
_a
610
100
_a
3
101
_a
SHM
245
_a
A Manual Of Laboratory And Diagnostic Tests
_c
Fiscbach.F
942
_2
udc
_c
BK
999
_c
48028
_d
48028